000 00451nam a22001577a 4500
005 20171004103804.0
008 171004b xxu||||| |||| 00| 0 eng d
020 _a9781416974734
040 _cPK-LaUMT
082 _a155.92
_bMCG-J
100 _aMcGraw, Jay
245 _aJay McGraw's life strategies for dealing with bullies /
_cJay McGraw ; illustrated by Steve Bjorkman
260 _aNew York :
_bAladdin,
_c2008
300 _a170 p.
942 _cBK
999 _c98779
_d98779